000 00463nam a2200181Ia 4500
001 13275
005 20260306163042.0
008 260306t2013||||xx |||||||||||||| ||spa||
041 _aESP
082 _a001.42
_bH45E
100 _aHernández Sampieri, Roberto
_eAUT
245 0 _aMetodología de la investigación para bachillerato
260 _c2013
300 _avi, 201 páginas :
_c27 cm.
650 _aGEN
654 _aCHU
942 _cLIB
_dJUS
_fJUS
_2ddc
_n
999 _c13275
_d13275